Tunisia all time starting xi - Statistics

General Stats
  • This quiz has been taken 12 times
    6 since last reset
  • The average score is 6 of 11
Answer Stats
Hint Answer % Correct
MF(2018- Ellyes Skhiri
80%
FW(2013-2022 Wahbi Khazri
80%
MF(2013- Ferjani Sassi
60%
DF(1996-2009 Radhi Jaïdi
60%
DF(2015- Yassine Meriah
60%
FW(2010-2024 Youssef Msakni
60%
DF(2013- Ali Maâloul
40%
GK(1990-2002 Chokri El Ouaer
40%
FW(2005-2014 Issam Jemâa
40%
DF(1995-2006 Khaled Badra
40%
MF(1996-2006 Kaies Ghodhbane
20%
No matching quizzes found
Score Distribution
Percent of People with Each Score
Percentile by Number Answered
Your Score History
You have not taken this quiz since the last reset